ARRUPE JESUIT UNIVERSITY

CORONAVIRUS -STOP THE SPREAD - CLEAN,DISINFECT,COVER

The Cambridge companion to Isaiah Berlin (Record no. 129932)

MARC details
000 -LEADER
fixed length control field 00479nam a22001337a 4500
008 - FIXED-LENGTH DATA ELEMENTS--GENERAL INFORMATION
fixed length control field 191016b ||||| |||| 00| 0 eng d
050 ## - LIBRARY OF CONGRESS CALL NUMBER
Classification number B1618.B454
Item number C66 2018
245 ## - TITLE STATEMENT
Title The Cambridge companion to Isaiah Berlin
Statement of responsibility, etc Edited by Joshua L. Cherniss and Steven B. Smith
260 ## - PUBLICATION, DISTRIBUTION, ETC. (IMPRINT)
Place of publication, distribution, etc Cambridge
Name of publisher, distributor, etc Cambridge University Press
Date of publication, distribution, etc 2018
300 ## - PHYSICAL DESCRIPTION
Extent xiv, 308p. ;
Dimensions 23cm.
440 ## - SERIES STATEMENT/ADDED ENTRY--TITLE
Title cambridge companions to philosophy
9 (RLIN) 48386
600 ## - SUBJECT ADDED ENTRY--PERSONAL NAME
Personal name Berlin, Isaiah
9 (RLIN) 48387
942 ## - ADDED ENTRY ELEMENTS (KOHA)
Source of classification or shelving scheme Library of Congress Classification
Item type Monograph ( Printed materials)
Holdings
Withdrawn status Lost status Source of classification or shelving scheme Damaged status Not for loan Collection code Home library Current library Shelving location Date acquired Total Checkouts Full call number Barcode Date last seen Date last borrowed Price effective from Koha item type
    Library of Congress Classification     Main Collection ARRUPE LIBRARY ARRUPE LIBRARY Main Collection 16/10/2019 1 B1618.B454 C66 2018 46600005742 01/06/2022 28/02/2022 16/10/2019 Monograph ( Printed materials)

 

Arrupe Library. PO Box MP320 Mt Pleasant, Harare, Zimbabwe
263 242 745411|librarian@aju.ac.zw